00233 a2200085 4500001000700000040003500007100002000042240004500062245004000107146928 cEscola São Tomás de Aquino aBANDEIRA, Pedro10aO mistério da fábrica de livroslpor10aO mistério da fábrica de livros